000 01007nam a2200325Ia 4500
003 OSt
005 20220912145348.0
006 a|||||r|||| 00| 0
007 ta
008 220909b |||||||| |||| 00| 0 eng d
020 _a9781402045516 (hbd)
024 _a84065
037 _b1667, 01/03/2007, The Book Seller
037 _cREF
040 _aCSL
_beng
_cCSL
041 _aeng
082 _aH:(G:55)k, P9 Carg
100 _aGornitz Vivien Ed.
245 0 _aEncyclopedia of paleoclimatology and ancient environments
260 _aBerlin
_bSpringer
_c2009
300 _axxiv, 1047p.
_ccm.
490 _aEncyclopedia of earth sciences series
500 _a''Includes bibliographical references''.; ''Index 999-1047p''.
650 _a Alkenones
650 _a Antartic cold reversal
650 _a Beachrock
650 _aGeology
942 _hH:(G:55)k, P9 Carg
_cREF
_2CC
999 _c29922
_d29922